000 02091cam a2200433 i 4500
001 200468294
003 TR-AnTOB
005 20260424120432.0
007 ta
008 260424s1965 nyua b 001 0beng
010 _a 61013602
016 _a(AMICUS)000001252670
035 _a(CLU)1370017-ucladb-Voyager
035 _a(OCoLC)00290004
_z(OCoLC)43558275
_z(OCoLC)225311607
_z(OCoLC)622246592
_z(OCoLC)976655111
_z(OCoLC)978173828
_z(OCoLC)1152909028
_z(OCoLC)1172233378
035 _a(OCoLC)ocm00290004
035 _a(EXLNZ-01UCS_NETWORK)9913126749806531
035 _a(TR-AnTOB)200468294
040 _aDLC
_beng
_erda
_cDLC
_dDIBAM
_dBTCTA
_dSXC
_dOCLCO
_dU3G
_dRAU
_dSTM
_dOCLCQ
_dOCLCO
_dOCLCF
_dFUG
_dOCLCO
_dOCLCQ
_dOCL
_dTJF
_dALROG
_dOCLCQ
_dNLC
_dCSJ
_dOCLCO
_dOCLCQ
_dOCLCO
_dOCLCQ
_dGILDS
_dTYC
_dOCLCQ
_dJDP
_dOCLCO
_dOCL
_dJ9U
_dCPO
_dCBA
_dOCL
_dOCLCO
_dOCLCA
_dOCLCQ
_dOCLCO
_dCNUTO
_dUEJ
_dIL4J6
_dOCLCO
_dOCLCL
_dBCO
_dUX0
_dOCLCL
_dOCLCQ
_dNBMAB
_dOCLCL
_dOCLCQ
_dOCLCL
_dOCLCO
_dTR-AnTOB
041 0 _aeng
050 1 4 _aPS3529.N5
_bZ653 1965
090 _aPS3529.N5
_bZ653 1965
100 1 _aGelb, Arthur,
_d1924-2014
_eauthor
_4aut
_0http://id.loc.gov/authorities/names/n83231701
_9153910
245 1 0 _aO'Neill /
_cArthur & Barbara Gelb.
264 1 _aNew York :
_b Dell Pub. Co.,
_c1965.
300 _a575 pages ;
_c18 cm
336 _atext
_btxt
_2rdacontent
337 _aunmediated
_bn
_2rdamedia
338 _avolume
_bnc
_2rdacarrier
500 _aLaurel edition 6629
504 _aBIBINDX
505 0 _aHaunting ghosts: 1846-1912 -- The birth of a soul: 1912-1920 -- The makings of a poet: 1920-1926 -- Wilderness regained: 1926-1936 -- Hopeless hope: 1936-1953.
600 1 0 _aO'Neill, Eugene,
_d1888-1953
_0http://id.loc.gov/authorities/names/n79092602
_9153200
650 0 _aDramatists, American
_y20th century
_vBiography
_9153332
655 7 _aBiographies
_2lcgft
_0http://id.loc.gov/authorities/genreForms/gf2014026049
_9146142
700 1 _aGelb, Barbara
_eauthor
_4aut
_0http://id.loc.gov/authorities/names/n50018266
_9153911
942 _2lcc
_cBK
999 _c200468294
_d86506